Video Games by Picture - Statistics

General Stats
  • This quiz has been taken 5,377 times
    515 since last reset
  • The average score is 20 of 27
Answer Stats
Picture Answer % Correct
Pac-Man
98%
Super Mario Bros,
98%
Minecraft
96%
Sonic the Hedgehog
95%
Angry Birds
94%
Donkey Kong
94%
Fortnite
94%
Tetris
94%
Street Fighter II
91%
Mortal Kombat
88%
Portal
87%
Tomb Raider
84%
Pong
83%
Doom
79%
The Legend of Zelda
74%
Grand Theft Auto
70%
Megaman
70%
Space Invaders
68%
Metroid
67%
World of Warcraft
65%
The Oregon Trail
55%
GoldenEye 007
54%
Bomberman
49%
Final Fantasy III
48%
SimCity 2000
40%
Asteroids
29%
Prince of Persia
25%
No matching quizzes found
Score Distribution
Percent of People with Each Score
Percentile by Number Answered
Your Score History
You have not taken this quiz since the last reset